| 000 | 00614nam a22001817a 4500 | ||
|---|---|---|---|
| 003 | BD-DhUL | ||
| 005 | 20180424122216.0 | ||
| 008 | 170925s1338 ii ||||| |||| 00| 0 ara d | ||
| 040 |
_aBD-DhUL _cBD-DhUL |
||
| 082 |
_a920 _bABM |
||
| 100 | 3 | _4عبد ﷲ بن اسعد۔ | |
| 245 | 0 | 0 |
_aمراۃ الجنان و عبرۃ الیقظان : _cعبد ﷲ بن اسعد۔ _bجزء ۳ / |
| 246 | _aMir'āt al-Janān wa-'Ibrat al-Yaqzān : vol. 3 | ||
| 260 |
_aحیدرآباد الد کن : _bدائرة المعارف، _c۔۱۳۳۸ |
||
| 300 |
_aجزء ۳ ؛ _c۲۴ سم۔ |
||
| 650 | 0 | _aBiography. | |
| 942 |
_2ddc _cBK |
||
| 999 |
_c214369 _d214369 |
||